| 000 | 00323nam a2200109Ia 4500 | ||
|---|---|---|---|
| 005 | 20251222140034.0 | ||
| 008 | 251222s1900||||xx |||||||||||||| ||spa|| | ||
| 020 | _a84-313-1159-2 | ||
| 082 | _a262.91/U61 | ||
| 245 | 0 | _aDoctrina social de la iglesia y realidad socio-económica en el centenario de la Rerum Novarum | |
| 942 | _cLIB | ||
| 999 |
_c3044 _d3044 |
||